000
00285nam a2200097Ia 4500
005
20251222114344.0
008
251222s1900||||xx |||||||||||||| ||spa||
082
_a
DVD0192/D95/2003
245
0
_a
Conferencia: Francisco Pizarro: su recuperación en el Perú, América y el mundo:
942
_c
DVD
999
_c
980
_d
980